000 00608nam a2200277Ia 4500
005 20260401122427.0
008 008 250103s9999 xx 000 0 eng d
020 _a9780826438454
037 _aTB
040 _aEDL
040 _beng
040 _cEDL
041 _2eng
041 _aeng
084 _a142.78 JOS
084 _qEDL
245 0 _aContinuum campanion to existentialism
260 _aLondon
260 _bContinuum International Pub.
260 _c2011
300 _a406p
942 _cTB
942 _h142.78 JOS
999 _c1847203
_d1847203